书目信息 |
| 题名: |
现代教育有效教学方法
|
|
| 作者: | 张兴 主编 | |
| 分册: | ||
| 出版信息: | 北京 北京艺术与科学电子出版社 2005 |
|
| 页数: | 627页 | |
| 开本: | 27cm | |
| 丛书名: | ||
| 单 册: | ||
| 中图分类: | G632.4 | |
| 科图分类: | ||
| 主题词: | 教学法--jiao xue fa--研究 | |
| 电子资源: | ||
| ISBN: | 7-900627-60-X | |
| 000 | 01024nam0 2200289 45 | |
| 001 | CAL 0120064080711 | |
| 005 | 20061103093625.70 | |
| 010 | @a7-900627-60-X@b精装@dCNY268.00 (含光盘) | |
| 092 | @aCN@b475089 | |
| 099 | @aCAL 0120064080711 | |
| 100 | @a20060807d2005 ekmy0chiy0121 ea | |
| 101 | 0 | @achi |
| 102 | @aCN@b110000 | |
| 105 | @ay a 000yy | |
| 200 | 1 | @a现代教育有效教学方法@Axian dai jiao yu you xiao jiao xue fang fa@f张兴主编@Fzhang xing zhu bian |
| 210 | @a北京@c北京艺术与科学电子出版社@d2005 | |
| 215 | @a627页@d27cm@e光盘1片 | |
| 300 | @a中国教育学会“十五”科研规划重点课题 学校教育管理书架 | |
| 306 | @a封面出版社误题为:北京艺术与电子科技出版社 | |
| 320 | @a有书目 (第626页) | |
| 330 | @a本书主要章节:有效教学概述、有效基础教学方法、多元智能教学方法、有效教育模式的选择、课程创新等。 | |
| 606 | 0 | @a教学法@Ajiao xue fa@x研究 |
| 690 | @aG632.4@v4 | |
| 701 | 0 | @a张兴@Azhang xing@4主编 |
| 801 | 0 | @aCN@bLZJBOOK@c20061103 |
| 905 | @aBZT@dG632.4@e1 | |
| 906 | @dCNY268.00 (含光?n0@r1 | |
| 现代教育有效教学方法/张兴主编.-北京:北京艺术与科学电子出版社,2005 |
| 627页;27cm+光盘1片 |
| 中国教育学会“十五”科研规划重点课题 学校教育管理书架 |
| ISBN 7-900627-60-X(精装):CNY268.00 (含光盘) |
| 本书主要章节:有效教学概述、有效基础教学方法、多元智能教学方法、有效教育模式的选择、课程创新等。 |
| ● |
| 相关链接 |
|
|
|
正题名:现代教育有效教学方法
索取号:G632.4/1
 
预约/预借
| 序号 | 登录号 | 条形码 | 馆藏地/架位号 | 状态 | 备注 |
| 1 | 517921 | 230098620 | 中心书库北库/ 北库030架A面3列5层11/ [索取号:G632.4/1] | 在馆 | |
| 2 | 517922 | 230098619 | 中心书库北库/ 北库030架A面3列5层14/ [索取号:G632.4/1] | 在馆 | |
| 3 | 517923 | 230098618 | 中心书库北库/ 北库030架A面3列5层13/ [索取号:G632.4/1] | 在馆 | |
| 4 | 517924 | 230098625 | 中心书库北库/ 北库030架A面3列5层9/ [索取号:G632.4/1] | 在馆 | |
| 5 | 517925 | 230098623 | 中心书库北库/ 北库030架A面3列5层10/ [索取号:G632.4/1] | 在馆 | |
| 6 | 517926 | 230098622 | 中心书库北库/ 北库030架A面3列5层15/ [索取号:G632.4/1] | 在馆 | |
| 7 | 517927 | 230098621 | 中心书库北库/ 北库030架A面3列5层16/ [索取号:G632.4/1] | 在馆 | |
| 8 | 517928 | 230098624 | 中心书库北库/ 北库030架A面3列5层12/ [索取号:G632.4/1] | 在馆 |